Second Chances /
Sylvie Williams is in trouble. What with juggling her ballet classes, preparing her shy son Sam for his first day at Penmenna Village school and trying to finally move out from the farm she shares with her cantankerous Uncle Tom, life is anything but easy. Television journalist Alex is facing challe...
Uloženo v:
| Série: | Cornish Village School,
část 2 |
|---|---|
| Hlavní autor: | |
| Médium: | E-kniha |
| Jazyk: | Czech |
| Vydáno: |
Praha :
Saga Egmont,
2026
|
| Příbuzné jednotky: | Z cyklu::
Cornish Village School |
| Tagy: |
Žádné tagy |
| LEADER | 01760nam a22002417i 4500 | ||
|---|---|---|---|
| 001 | 297549 | ||
| 007 | ta | ||
| 008 | 260411s2026 xr ||||| |||| 00| 0 cze d | ||
| 020 | |a 9990004252813 | ||
| 044 | |a xr | ||
| 100 | 1 | |a Wilson, Kitty |4 aut | |
| 245 | 1 | 0 | |a Second Chances / |c Wilson, Kitty |
| 264 | 1 | |a Praha : |b Saga Egmont, |c 2026 | |
| 300 | |a 1 online zdroj (220 stran) | ||
| 336 | |a text |b txt |2 rdacontent | ||
| 337 | |a bez média |b n |2 rdamedia | ||
| 338 | |a online zdroj |b cr |2 rdacarrier | ||
| 520 | 2 | |a Sylvie Williams is in trouble. What with juggling her ballet classes, preparing her shy son Sam for his first day at Penmenna Village school and trying to finally move out from the farm she shares with her cantankerous Uncle Tom, life is anything but easy. Television journalist Alex is facing challenges of his own. Seeking a calmer environment for his newly adopted daughter, Ellie, he's swapped reporting in war zones for the school PTA in quiet Penmenna, where his best friend has persuaded him to start laying some roots. Fireworks ignite when Sylvie and Alex meet, but will they be able to keep things strictly platonic for the sake of the children? This feel-good and rib-tickling romance is perfect for fans of Tilly Tennant and Cathy Bramley. Kitty Wilson is a bestselling UK romcom author. | |
| 787 | 0 | 8 | |g 2 |i Z cyklu: |t Cornish Village School |
| 910 | |a RBIT002 | ||
| 998 | |d 425281 |a https://core.palmknihy.cz/api/books/425281/cover?tbfkub |b https://core.palmknihy.cz/api/books/425281/cover/400?tbfkub |c https://core.palmknihy.cz/api/books/425281/cover/50?tbfkub |e |g 220 |i 9990004252813 |j https://core.palmknihy.cz/api/books/425281/preview.epub |l |q 49 |r 1 |s https://www.palmknihy.cz/kniha/425281 |t ebook |y 2026 |z 1 |v Cornish Village School |w 2 | ||
| 999 | |d 297547 | ||